Top 100 : artistes les plus écoutés sur Spotify dans le monde - Statistiques

Statistiques générales
  • Ce quiz a été pris 8 478 fois
    1 356 depuis la dernière actualisation
  • Le résultat moyen est 22 sur 100
Statistiques - réponses
Place Nb d'auditeurs/mois Pays Artiste % Correct
3 109 720 000 USA Taylor Swift
79%
5 104 820 000 Barbade Rihanna
78%
12 83 460 000 USA (Porto Rico) Bad Bunny
75%
2 122 370 000 Canada The Weeknd
72%
11 86 680 000 Canada Drake
69%
44 54 320 000 USA Beyoncé
68%
4 107 990 000 Canada Justin Bieber
67%
1 130 250 000 USA Bruno Mars
60%
7 98 860 000 USA Lady Gaga
57%
6 100 580 000 USA Ariana Grande
55%
13 79 340 000 France David Guetta
54%
15 76 770 000 Colombie Shakira
53%
20 72 050 000 USA Eminem
50%
30 60 840 000 USA Michael Jackson
47%
9 89 530 000 USA Billie Eilish
46%
18 72 580 000 USA Kendrick Lamar
46%
25 65 900 000 Royaume-Uni - Albanie Dua Lipa
43%
10 89 350 000 Royaume-Uni Ed Sheeran
43%
16 74 380 000 USA Sabrina Carpenter
43%
38 56 740 000 Royaume-Uni Adele
40%
33 59 710 000 USA Travis Scott
39%
60 50 440 000 France DJ Snake
37%
24 66 340 000 USA Kanye West
35%
26 64 100 000 USA Katy Perry
35%
80 46 570 000 USA Olivia Rodrigo
32%
8 96 200 000 Royaume-Uni Coldplay
31%
52 52 430 000 Royaume-Uni Harry Styles
30%
28 62 480 000 USA Lana Del Rey
30%
90 44 910 000 Trinité-et-Tobago - USA Nicki Minaj
29%
14 77 330 000 Australie Sia
29%
35 57 560 000 Royaume-Uni Queen
26%
45 54 210 000 Suède Zara Larsson
25%
67 49 220 000 USA Britney Spears
24%
37 57 120 000 Royaume-Uni Elton John
24%
96 43 610 000 USA Madonna
23%
19 72 170 000 USA SZA
23%
46 54 020 000 Royaume-Uni RAYE
21%
36 57 420 000 USA Doja Cat
20%
42 55 050 000 USA Imagine Dragons
20%
89 45 140 000 Suède ABBA
19%
17 73 310 000 USA Maroon 5
19%
53 52 260 000 Canada Tate McRae
19%
47 53 940 000 USA Miley Cyrus
17%
93 44 300 000 Royaume-Uni - Irlande One Direction
17%
74 47 200 000 USA 50 Cent
16%
43 54 800 000 USA Mariah Carey
16%
27 63 860 000 USA Post Malone
16%
83 46 050 000 USA Justin Timberlake
15%
23 66 670 000 USA Pitbull
14%
71 47 570 000 Canada Shawn Mendes
14%
39 56 610 000 USA Black Eyed Peas
13%
51 52 460 000 USA Future
13%
21 70 460 000 Colombie J Balvin
13%
66 49 370 000 Colombie Karol G
13%
22 69 180 000 Royaume-Uni Calvin Harris
12%
32 59 860 000 USA Chris Brown
12%
34 58 040 000 Royaume-Uni Olivia Dean
12%
86 45 590 000 Afrique du Sud Tyla
12%
91 44 890 000 Cuba - USA Camila Cabello
11%
40 55 960 000 USA sombr
11%
29 61 110 000 USA (Porto Rico) Daddy Yankee
10%
82 46 460 000 USA Playboi Carti
10%
88 45 230 000 USA USHER
10%
65 49 530 000 USA Alex Warren
9%
31 60 110 000 USA Djo
9%
77 46 730 000 USA Lil Wayne
9%
54 52 210 000 Royaume-Uni Sam Smith
9%
48 53 530 000 Jamaïque Sean Paul
9%
49 53 440 000 Royaume-Uni Arctic Monkeys
8%
87 45 560 000 USA Benson Boone
8%
57 51 940 000 USA Linkin Park
8%
79 46 580 000 USA Charlie Puth
7%
99 43 430 000 Colombie Maluma
7%
98 43 500 000 USA Metro Boomin
7%
76 46 780 000 USA OneRepublic
6%
62 50 330 000 USA (Porto Rico) Ozuna
6%
95 44 050 000 Royaume-Uni Radiohead
6%
68 48 740 000 USA Marshmello
5%
100 43 390 000 USA Red Hot Chili Peppers
5%
78 46 680 000 USA The Neighbourhood
5%
61 50 360 000 Royaume-Uni The Police
5%
84 45 780 000 Royaume-Uni Ellie Goulding
3%
55 52 090 000 USA Halsey
3%
56 52 040 000 USA - Corée du Sud - ... KPop Demon Hunters Cast
3%
59 50 560 000 USA (Porto Rico) Rauw Alejandro
3%
85 45 590 000 USA Teddy Swims
3%
58 51 120 000 Royaume-Uni - USA Fleetwood Mac
2%
75 46 990 000 Corée du Sud HUNTR/X
2%
73 47 240 000 USA Khalid
2%
92 44 400 000 USA Ne-Yo
2%
63 50 060 000 USA The Chainsmokers
2%
41 55 800 000 Inde Arijit Singh
1%
81 46 570 000 USA AUDREY NUNA
1%
94 44 280 000 USA (Porto Rico) Don Omar
1%
70 48 320 000 Corée du Sud - USA EJAE
1%
97 43 510 000 USA (Porto Rico) Farruko
1%
72 47 450 000 Corée du Sud REI AMI
1%
69 48 420 000 Inde A.R. Rahman
0%
64 49 570 000 Inde Pritam
0%
50 53 130 000 Inde Shreya Ghoshal
0%
Aucun quiz correspondant
Distribution des résultats
% des personnes avec chaque résultat
Percentile par nombre de réponses
Votre historique - résultats
Vous n’avez pas pris ce quiz depuis la dernière actualisation